LEADER 01366nam2 2200337 i 450 001 RAV0699779 005 20231121125644.0 020 $aIT$b2001-2017 100 $a20010129d2000 ||||0itac50 ba 101 | $aita 102 $ait 181 1$6z01$ai $bxxxe 182 1$6z01$an 200 1 $aFriuli Venezia Giulia 210 $aAcquaviva d'I sernia$cIEI$d\2000! 215 $a285 p.$cill.$d28 cm 300 $aIn appendice: Il confine nord-orientale, di Elena Maietich. 461 1$1001TSA0020422$12001 $aComuni d'Italia 606 $aComuni$xFriuli Venezia Giulia$2FIR$3RMLC402288$9I 676 $a914.539$9GEOGRAFIA. FRIULI-VENEZIA GIULIA$v21 801 3$aIT$bIT-01$c20010129 850 $aIT-RM028 $aIT-RM0289 $aIT-FR0084 $aIT-FR0017 899 $aBiblioteca Universitaria Alessandrina$bRM028 899 $aBiblioteca Statale A. Baldini$bRM0289 899 $aBiblioteca Del Monumento Nazionale Di Montecassino$bFR0084 899 $aBiblioteca umanistica Giorgio Aprea$bFR0017 $eN 912 $aRAV0699779 950 2$aBiblioteca umanistica Giorgio Aprea$d 52S.L. 914.5 Com.It.Fri.$e 52FLS0000187615 VMB RS $fC $h20160512$i20160512 977 $a 01$a 04$a 25$a 52 996 $aFriuli-Venezia Giulia$956916 997 $aUNICAS LEADER 01009nam0 22002411i 450 001 RML0261322 005 20231121125718.0 100 $a20121121d1991 ||||0itac50 ba 101 | $aund 102 $ait 181 1$6z01$ai $bxxxe 182 1$6z01$an 200 1 $aDal 1966 al 1986$einterventi di massa e piani di emergenza per la conservazione del patrimonio librario e archivistico 210 $aRoma $cMinistero Per I Beni Culturali E Ambientali. Ufficio Centrale Per I Beni Archivistici $d1991 801 3$aIT$bIT-01$c20121121 850 $aIT-RM0251 $aIT-FR0017 899 $aBiblioteca Della Soprintendenza Archivistica Per Il Lazio$bRM0251 899 $aBiblioteca umanistica Giorgio Aprea$bFR0017 912 $aRML0261322 950 0$aBiblioteca umanistica Giorgio Aprea$d 52COBAL A.4(17)$e 52VM 0000313075 VM barcode:27759-10VM$fA $h20010423$i20121204 977 $a 24$a 52 996 $aDal 1966 al 1986$9204751 997 $aUNICAS